<?xml version="1.0" encoding="UTF-8"?>
<record
    xmlns:xsi="http://www.w3.org/2001/XMLSchema-instance"
    xsi:schemaLocation="http://www.loc.gov/MARC21/slim http://www.loc.gov/standards/marcxml/schema/MARC21slim.xsd"
    xmlns="http://www.loc.gov/MARC21/slim">

  <leader>01301nam a22003377a 4500</leader>
  <controlfield tag="003">CHAP</controlfield>
  <controlfield tag="005">20220329143314.0</controlfield>
  <controlfield tag="008">080417d2007    mx      r     00110 spa d</controlfield>
  <datafield tag="010" ind1=" " ind2=" ">
    <subfield code="a">94716</subfield>
  </datafield>
  <datafield tag="011" ind1=" " ind2=" ">
    <subfield code="a">95688</subfield>
  </datafield>
  <datafield tag="035" ind1=" " ind2=" ">
    <subfield code="a">106317</subfield>
  </datafield>
  <datafield tag="040" ind1=" " ind2=" ">
    <subfield code="c">CHAP</subfield>
  </datafield>
  <datafield tag="090" ind1=" " ind2=" ">
    <subfield code="a">Tesis</subfield>
  </datafield>
  <datafield tag="100" ind1="1" ind2=" ">
    <subfield code="a">Guzm&#xE1;n Trujillo, H&#xE9;ctor.</subfield>
    <subfield code="9">52026</subfield>
  </datafield>
  <datafield tag="245" ind1="1" ind2="0">
    <subfield code="a">Control del gorgojo del ma&#xED;z (Sitophilus zeamais Motschulsky) (Cole&#xF3;ptera: Curculionidae) con insecticidas comerciales de malati&#xF3;n in vitro</subfield>
    <subfield code="c">/por H&#xE9;ctor Guzm&#xE1;n Trujillo</subfield>
  </datafield>
  <datafield tag="260" ind1=" " ind2=" ">
    <subfield code="a">Cocula, Gro. :</subfield>
    <subfield code="b">El autor,</subfield>
    <subfield code="c">2007</subfield>
  </datafield>
  <datafield tag="300" ind1=" " ind2=" ">
    <subfield code="a">48 h. :</subfield>
    <subfield code="b">ilus. ; gr&#xE1;fs. ; cuadros</subfield>
  </datafield>
  <datafield tag="502" ind1=" " ind2=" ">
    <subfield code="a">Tesis (Ing. Agr. Fitotecnista) -- Colegio Superior Agropecuario del Estado de Guerrero. Centro de Estudios Profesionales</subfield>
  </datafield>
  <datafield tag="590" ind1=" " ind2=" ">
    <subfield code="a">ALEPH</subfield>
    <subfield code="b">10</subfield>
    <subfield code="c">20130110</subfield>
    <subfield code="l">UCH01</subfield>
    <subfield code="h">1522</subfield>
  </datafield>
  <datafield tag="590" ind1=" " ind2=" ">
    <subfield code="a">BATCH-UPD</subfield>
    <subfield code="b">10</subfield>
    <subfield code="c">20130110</subfield>
    <subfield code="l">UCH01</subfield>
    <subfield code="h">0629</subfield>
  </datafield>
  <datafield tag="590" ind1=" " ind2=" ">
    <subfield code="a">BATCH-UPD</subfield>
    <subfield code="b">10</subfield>
    <subfield code="c">20130410</subfield>
    <subfield code="l">UCH01</subfield>
    <subfield code="h">0312</subfield>
  </datafield>
  <datafield tag="590" ind1=" " ind2=" ">
    <subfield code="a">BATCH-UPD</subfield>
    <subfield code="b">10</subfield>
    <subfield code="c">20130914</subfield>
    <subfield code="l">UCH01</subfield>
    <subfield code="h">1043</subfield>
  </datafield>
  <datafield tag="590" ind1=" " ind2=" ">
    <subfield code="a">CONVERSION</subfield>
    <subfield code="b">10</subfield>
    <subfield code="c">20130109</subfield>
    <subfield code="l">UCH01</subfield>
    <subfield code="h">1352</subfield>
  </datafield>
  <datafield tag="650" ind1="1" ind2="4">
    <subfield code="a">Control de plagas.</subfield>
    <subfield code="9">27595</subfield>
  </datafield>
  <datafield tag="650" ind1="1" ind2="4">
    <subfield code="a">Insecticidas.</subfield>
    <subfield code="9">58855</subfield>
  </datafield>
  <datafield tag="650" ind1="1" ind2="4">
    <subfield code="a">Ma&#xED;z</subfield>
    <subfield code="x">Almacenamiento</subfield>
    <subfield code="x">Plagas.</subfield>
    <subfield code="9">70854</subfield>
  </datafield>
  <datafield tag="650" ind1="1" ind2="4">
    <subfield code="a">Sitophilus zeamais.</subfield>
    <subfield code="9">106790</subfield>
  </datafield>
  <datafield tag="901" ind1=" " ind2=" ">
    <subfield code="a">BK</subfield>
  </datafield>
  <datafield tag="942" ind1=" " ind2=" ">
    <subfield code="c">TESIS</subfield>
  </datafield>
  <datafield tag="949" ind1=" " ind2=" ">
    <subfield code="a">Tesis</subfield>
    <subfield code="b">BC</subfield>
    <subfield code="c">TES</subfield>
    <subfield code="d">33724002041248</subfield>
    <subfield code="e">TS1</subfield>
    <subfield code="g">Donaci&#xD8;n</subfield>
    <subfield code="h">47614</subfield>
    <subfield code="i">106317</subfield>
    <subfield code="s">b</subfield>
  </datafield>
  <datafield tag="999" ind1=" " ind2=" ">
    <subfield code="c">94716</subfield>
    <subfield code="d">94716</subfield>
  </datafield>
  <datafield tag="952" ind1=" " ind2=" ">
    <subfield code="0">0</subfield>
    <subfield code="1">0</subfield>
    <subfield code="2">local</subfield>
    <subfield code="4">0</subfield>
    <subfield code="5">1</subfield>
    <subfield code="7">0</subfield>
    <subfield code="8">TESIS</subfield>
    <subfield code="a">BC</subfield>
    <subfield code="b">BC</subfield>
    <subfield code="c">PA_TESIS</subfield>
    <subfield code="d">2019-12-31</subfield>
    <subfield code="e">Donacion</subfield>
    <subfield code="f">TESIS</subfield>
    <subfield code="l">0</subfield>
    <subfield code="o">Tesis</subfield>
    <subfield code="p">33724002041248</subfield>
    <subfield code="r">2019-12-31 00:00:00</subfield>
    <subfield code="w">2019-12-31</subfield>
    <subfield code="y">TESIS</subfield>
  </datafield>
</record>
